00315nam a2200121 a 450000500170000000800410001702000180005805000230007624500150009926000370011430000140015144000280016520140412111419.0070906s19uu xx 00 eng d a1-84577-062-5 aTR(PS EbPi58 2007 aPinnochio. aChina :bBerryland books,c2004. a1 v. unp. aTreasured tales CD book